000
00296nam a2200109Ia 4500
008
220216s9999 xx 000 0 und d
100
_a
Reji Kumar R.
245
4
_a
The Urgent need for energy conservation in rubber sector
260
_b
Rubber Board Bulletin
_c
2009
300
_a
19-24
942
_c
JS
999
_c
71111
_d
71111